LEADER 00993nam--2200385---450- 001 990001042410203316 005 20040805145558.0 035 $a0104241 035 $aUSA010104241 035 $a(ALEPH)000104241USA01 035 $a0104241 100 $a20020319d1978----km-y0itay0103----ba 101 $aita 102 $aIT 110 $aau--------- 200 1 $aMetrica 207 $a1(1978) 210 $aMilano$aNapoli$cR. Ricciardi$d1978- 215 $av.$d26 cm 326 $aPeriodicità non determinata 410 $12001 421 1$1001-------$12001 430 1$1001-------$12001 606 0 $aMetrica 676 $a808.1 801 0$aIT$bsalbc$gISBD 912 $a990001042410203316 958 $aLM$bFONDO$c1(1978)-5(1990) 959 $aSE 979 $aPATTY$b90$c20020319$lUSA01$h1419 979 $c20020403$lUSA01$h1744 979 $aPATRY$b90$c20040406$lUSA01$h1712 979 $aPATRY$b90$c20040805$lUSA01$h1455 996 $aMetrica$9137271 997 $aUNISA LEADER 02510nas 2200457 n 450 001 990008894090403321 005 20240229084532.0 011 $a0083-6133 035 $a000889409 035 $aFED01000889409 035 $a(Aleph)000889409FED01 035 $a000889409 091 $2CNR$aP 00095542 100 $a20090724b19191979km-y0itaa50------ba 101 0 $ager 110 $aauu-------- 200 1 $aAnnalen des Naturhistorischen Museums in Wien 207 1$a1919-1979 210 $aWien$cNaturhistorisches Museum 430 0$1001000889408$12001$aAnnalen des Kaiserlich-Königlichen Naturhistorischen Hofmuseums 433 0$1001000889410$12001$aAnnalen des Naturhistorischen Museums in Wien. Serie A. Mineralogie und petrographie, geologie und paläontologie, anthropologie und prähistorie 433 0$1001000889411$12001$aAnnalen des Naturhistorischen Museums in Wien. Serie B. Botanik und zoologie 433 0$1001000889412$12001$aAnnalen des Naturhistorischen Museums in Wien. Serie C. Jahresberichte 530 0 $aAnnalen des Naturhistorischen Museums in Wien 675 $a5 675 $a069 676 $a590.742 712 02$aNaturhistorisches Museum$c 801 0$aIT$bACNP$c20090723 859 4 $uhttp://acnp.cib.unibo.it/cgi-ser/start/it/cnr/dc-p1.tcl?catno=63956&person=false&language=ITALIANO&libr=&libr_th=unina1$zBiblioteche che possiedono il periodico 901 $aSE 912 $a990008894090403321 958 $aBiblioteca. Dipartimento di Scienze biologiche. Sez. di Biologia vegetale. Università degli studi di Napoli Federico II$b1925-1979.$fDBV 958 $aBiblioteca del Dipartimento di Entomologia e Zoologia Agraria dell'Università degli Studi di Napoli Federico II$b1919-1979.$fDAGEN 959 $aDBV 959 $aDAGEN 996 $aAnnalen des Naturhistorischen Museums in Wien$9801462 997 $aUNINA AP1 8 $6866-01$aNA163 Biblioteca. Dipartimento di Scienze biologiche. Sez. di Biologia vegetale. Università degli studi di Napoli Federico II$ev. Foria,223, Napoli (NA)$m(081) 440681$m(081) 450165$nit AP1 8 $6866-02$aNA219 Biblioteca del Dipartimento di Entomologia e Zoologia Agraria dell'Università degli Studi di Napoli Federico II$eVia Università, 100, 80055 Portici (NA)$m0812539188$m0817755145$nit AP2 40$aacnp.cib.unibo.it$nACNP Italian Union Catalogue of Serials$uhttp://acnp.cib.unibo.it/cgi-ser/start/it/cnr/df-p.tcl?catno=63956&language=ITALIANO&libr=&person=&B=1&libr_th=unina&proposto=NO